000 01055nam a2200301 i 4500
001 bg
003 BPK
005 20240223062756.0
008 970510s1993 pl a f |000 0 pol
015 _aPB 1994/7132
020 _a8385912320
040 _aWA N
_cBPK
080 _a004.04
080 _a(075.8)
100 1 _aSacha, Krzysztof
_d(1951-2019)
_eAutor
245 1 0 _aSystemy czasu rzeczywistego /
_cKrzysztof Sacha.
260 _aWarszawa :
_bOficyna Wydawnicza Politechniki Warszawskiej,
_c1993.
300 _a135 s. :
_brys., 1 wykr. ;
_c24 cm.
504 _aBibliogr. s. 135.
650 4 _aMinikomputery i mikrokomputery
_xbudowa i organizacja.
655 4 _aPodręczniki akademickie
650 4 _aSterowanie
650 4 _aSystemy operacyjne
650 4 _aPrzetwarzanie danych w czasie rzeczywistym
710 2 _aPolitechnika Warszawska.
_bOficyna Wydawnicza.
_4pbl.
856 _uhttp://koha.tu.koszalin.pl/cgi-bin/koha/opac-detail.pl?biblionumber=24683
_yKatalog online BPK
942 _2UKD
_cKS
999 _c24683
_d24683